Financie podnikov a odvetví praktikum

Na minha lista:
Detalhes bibliográficos
Autor principal: Šedivý, Ľubomír
Autor Corporativo: Vysoká škola ekonomická v Bratislave. Národohospodárska fakulta
Formato: Livro
Idioma:eslovaco
Publicado em: Bratislava Vysoká škola ekonomická 1984
Tags: Adicionar Tag
Sem tags, seja o primeiro a adicionar uma tag!

MARC

LEADER 00000nam a2200000 4500
001 c116186
005 20181219123859.0
041 0 |a slo 
044 |a SK 
245 1 0 |a Financie podnikov a odvetví  |b praktikum  |c Ľubomír šedivý 
264 1 |a Bratislava  |b Vysoká škola ekonomická  |c 1984 
300 |a 235 s. 
100 1 |a Šedivý, Ľubomír 
710 2 |a Vysoká škola ekonomická v Bratislave. Národohospodárska fakulta